000 00357nam a2200121Ia 4500
008 240521s1999 xx 000 0 und d
041 _aeng
082 _a729
100 _aKASU A.A.
245 _aINTERIOR DESIGN; AN INTRODUCTION CRAFT, TECHNIQUE SCIENCE AND PROFESSIONAL OF INTERIOR DESIGN.
260 _bQUARA PUB.PVT LTD. BOMBAY
_c1999
300 _a693
999 _c1158082
_d1158082